000 00916nam a2200325Ia 4500
001 Z_2712
003 CHAP
008 220113s1984 xx 000 0 und d
010 _a165773
040 _cCHAP
082 _a631.4 O78 1984
100 _aOrtíz Villanueva, Bonifacio
_9139791
245 _aEdafología /
_cBonifacio Ortíz Villanueva y Carlos Alberto Ortíz Solorio
250 _a4a ed.
260 _aMéxico :
_bUACh :,
_bDepartamento de Suelos,
_c1984
300 _a374 p.
503 _aej.1: C/E \ ej.2: C/E
504 _aBibliografía: p. 372 - 374
650 _aClasificación de suelos
_9139792
650 _aQuímica del suelo
_9139793
650 _aSuelos
_9110191
700 _aOrtíz Solorio, Carlos Alberto, coaut.
_9139794
710 _aUACh. Departamento de Suelos
901 _a631.4 O78 1984
902 _aM
910 _a1984
942 _c1
942 _cc1
999 _c165773
_d165773